Projektový manažment - prelom
Práca na projekte, prínos a realizácia projektov. Spôsob riešenia problémov a prečo majú projekty veľký význam. Spolupráca projektového tímu a úspešnosť projektov.
Gespeichert in:
| 1. Verfasser: | |
|---|---|
| Format: | Buchkapitel |
| Sprache: | Slowakisch |
| Schlagworte: | |
| Tags: |
Keine Tags, Fügen Sie das erste Tag hinzu!
|
MARC
| LEADER | 00000naa$a2200000$$$4500 | ||
|---|---|---|---|
| 001 | 0172189 | ||
| 005 | 20230912102404.8 | ||
| 041 | 0 | |a slo | |
| 044 | |a SK | ||
| 245 | 1 | 0 | |a Projektový manažment - prelom |c Marián Minárik |
| 520 | |a Práca na projekte, prínos a realizácia projektov. Spôsob riešenia problémov a prečo majú projekty veľký význam. Spolupráca projektového tímu a úspešnosť projektov. | ||
| 610 | 2 | 0 | |a manažment |
| 610 | 2 | 0 | |a projekty |
| 610 | 2 | 0 | |a riadenie projektové |
| 610 | 2 | 0 | |a práca tímová |
| 610 | 2 | 0 | |a tímy pracovné |
| 610 | 2 | 0 | |a spolupracovníci |
| 100 | 1 | |a Minárik, Marián | |